Diccionario geográfico-histórico de España, por la Real Academia de la Historia. (Record no. 163035)

MARC details
000 -LEADER
campo de control de longitud fija 01048nam a2200205 i 4500
001 - NÚMERO DE CONTROL
campo de control 163035
003 - IDENTIFICADOR DE NÚMERO DE CONTROL
campo de control ES-MaACL
005 - FECHA Y HORA DE LA ÚLTIMA TRANSACCIÓN
campo de control 20230906212645.0
008 - DATOS DE LONGITUD FIJA--INFORMACIÓN GENERAL
campo de control de longitud fija 931025s1846 sp |||| | spa d
100 1# - ENTRADA PRINCIPAL--NOMBRE DE PERSONA
Nombre de persona Casimiro de Govantes, Ángel.
9 (RLIN) 127506
245 10 - MENCIÓN DEL TÍTULO
Título Diccionario geográfico-histórico de España, por la Real Academia de la Historia.
Número de parte o sección de la obra Sección II,
Nombre de parte o sección de la obra comprende La Rioja o Toda la provincia de Logroño y algunos pueblos de la de Burgos /
Mención de responsabilidad, etc. su autor, el individuo del número Don Ángel Casimiro de Govantes.
260 ## - PUBLICACIÓN, DISTRIBUCIÓN, ETC.
Lugar de publicación, distribución, etc. Madrid :
Nombre del editor, distribuidor, etc. Real Academia de la Historia,
Fecha de publicación, distribución, etc. 1846 (
Fabricante Imprenta de los Sres. Viuda de Jordán e Hijos)
300 ## - DESCRIPCIÓN FÍSICA
Extensión 348 p. ;
Dimensiones 26 cm.
530 ## - NOTA DISPONIBLE DE FORMULARIO FÍSICO ADICIONAL
Nota de formato físico adicional disponible Disponible en formato digital.
651 #4 - PUNTO DE ACCESO ADICIONAL DE MATERIA--NOMBRE GEOGRÁFICO
Nombre geográfico La Rioja (Comunidad Autónoma)-
Subdivisión general Descripción.
9 (RLIN) 151219
651 #4 - PUNTO DE ACCESO ADICIONAL DE MATERIA--NOMBRE GEOGRÁFICO
Nombre geográfico La Rioja (Comunidad Autónoma)-
Subdivisión general Historia.
9 (RLIN) 8904
710 2# - ENTRADA AGREGADA--NOMBRE DE ENTIDAD CORPORATIVA
Nombre de entidad corporativa o nombre de jurisdicción como elemento de entrada Real Academia de la Historia (España)
9 (RLIN) 6309
852 ## - LOCALIZACIÓN
Ubicación ES-MaACL
Número de control de estantería G-6020
Nota libre -- Enc. hol.
856 ## - LOCALIZACIÓN Y ACCESO ELECTRÓNICOS
Identificador Uniforme de Recursos <a href="http://bdh-rd.bne.es/viewer.vm?id=0000043538&page=1 ">http://bdh-rd.bne.es/viewer.vm?id=0000043538&page=1 </a>
Nota pública Biblioteca Digital Hispánica
Holdings
Estatus retirado Estado de pérdida Estado de daño No para préstamo Colección Biblioteca de origen Biblioteca actual Ubicación en estantería Fecha de adquisición Fuente de adquisición Total de préstamos Signatura topográfica completa Código de barras Visto por última vez Precio de reemplazo Tipo de ítem Koha
        Colección digital Biblioteca del Ateneo de Madrid Biblioteca del Ateneo de Madrid Depósito 2 17/01/2008     G-6020 1170822 23/02/2023 23/02/2023 Libro impreso antiguo